Corporate governance of state-owned enterprises change and reform in OECD countries since 2005

Saved in:
Bibliographic Details
Format: Book
Language:English
Published: Paris OECD 2011
Subjects:
Tags: Add Tag
No Tags, Be the first to tag this record!

MARC

LEADER 00000nam a2200000 4500
001 0169015
005 20221108071157.6
020 |a 978-92-64-11951-2 
041 0 |a eng 
044 |a FR 
245 1 0 |a Corporate governance of state-owned enterprises  |b change and reform in OECD countries since 2005 
264 1 |a Paris  |b OECD  |c 2011 
300 |a 54 s. 
610 2 0 |a správa podniku 
610 2 0 |a riadenie podnikové 
610 2 0 |a podnik štátny